Online
Catalog

Un boricua en la luna : Juan Antonio Corretjer en la comunidad puertorriqueña de Chicago = A Puerto Rican on the moon : Juan Antonio Corretjer in the Puerto Rican community of Chigago / (Record no. 3532)

MARC details
000 -CABECERA
campo de control de longitud fija 01673nam a2200361 a 4500
001 - NÚMERO DE CONTROL
campo de control 000003710
003 - IDENTIFICADOR DEL NÚMERO DE CONTROL
campo de control DO-SdBNP
005 - FECHA Y HORA DE LA ÚLTIMA TRANSACCIÓN
campo de control 20240610140528.0
008 - DATOS DE LONGITUD FIJA--INFORMACIÓN GENERAL
campo de control de longitud fija 090713s2008 dr ac r 001 p spa d
020 ## - NÚMERO INTERNACIONAL ESTÁNDAR DEL LIBRO
Número Internacional Estándar del Libro 9780981741611
040 ## - FUENTE DE LA CATALOGACIÓN
Centro catalogador/agencia de origen DO-SdBNP
Lengua de catalogación spa
Centro/agencia transcriptor BNPHU
041 17 - CÓDIGO DE LENGUA
Código de lengua del texto/banda sonora o título independiente spa
Código de lengua original eng
Fuente del código código de idioma MARC
049 ## - FONDOS LOCALES (OCLC)
Fondos de biblioteca BNPD
082 ## - NÚMERO DE LA CLASIFICACIÓN DECIMAL DEWEY
Número de clasificación PR861.44
Número de documento/Ítem Q6u
100 1# - ENTRADA PRINCIPAL--NOMBRE DE PERSONA
Nombre de persona Quiles Rodríguez, Carlos,
Numeración 1952-
9 (RLIN) 11316
245 10 - MENCIÓN DE TÍTULO
Título Un boricua en la luna : Juan Antonio Corretjer en la comunidad puertorriqueña de Chicago = A Puerto Rican on the moon : Juan Antonio Corretjer in the Puerto Rican community of Chigago /
Mención de responsabilidad, etc. Carlos Aquiles Rodríguez ; introducción Carlos Alberto Torres, Oscar López Rivera ; traducción Jan Susler.
246 10 - FORMA VARIANTE DE TÍTULO
Título propio/Titulo breve A Puerto Rican on the moon: Juan Antonio Corretjer in the Puerto Rican community of Chicago
260 ## - PUBLICACIÓN, DISTRIBUCIÓN, ETC.
Lugar de publicación, distribución, etc. [Puerto Rico] :
Nombre del editor, distribuidor, etc. Mariana Editores,
Fecha de publicación, distribución, etc. 2008
Lugar de fabricación/manufactura Santo Domingo
Fabricante Búho
300 ## - DESCRIPCIÓN FÍSICA
Extensión [xiv], 37, 55 p. de retrs, [xiv], 24 p. :
Otras características físicas retr. ;
Dimensiones 23 cm.
500 ## - NOTA GENERAL
Nota general "Proyecto del Taller del Pueblo."-- Verso de la portada
500 ## - NOTA GENERAL
Nota general Titulo en español e inglés con paginación separada con numeración repetida en encuadernación invertida
504 ## - NOTA DE BIBLIOGRAFÍA, ETC.
Nota de bibliografía, etc. Bibliografía : p. 24.
546 ## - NOTA DE LENGUA/LENGUAJE
Nota de lengua/lenguaje Textos en español e inglés
600 14 - PUNTO DE ACCESO ADICIONAL DE MATERIA--NOMBRE DE PERSONA
Nombre de persona CORRETJER, JUAN ANTONIO,
Fechas asociadas al nombre 1908-
9 (RLIN) 11317
600 10 - PUNTO DE ACCESO ADICIONAL DE MATERIA--NOMBRE DE PERSONA
Nombre de persona Corretjer, Juan Antonio.
9 (RLIN) 11318
650 #4 - PUNTO DE ACCESO ADICIONAL DE MATERIA--TÉRMINO DE MATERIA
Término de materia o nombre geográfico como elemento de entrada Poesía puertorriqueña
9 (RLIN) 1015
650 #4 - PUNTO DE ACCESO ADICIONAL DE MATERIA--TÉRMINO DE MATERIA
Término de materia o nombre geográfico como elemento de entrada Literatura puertorriqueña
9 (RLIN) 250
700 12 - PUNTO DE ACCESO ADICIONAL--NOMBRE DE PERSONA
Nombre de persona Alberto Torres, Carlos
Término indicativo de función/relación introd.
9 (RLIN) 11319
700 12 - PUNTO DE ACCESO ADICIONAL--NOMBRE DE PERSONA
Nombre de persona López Rivera, Oscar,
Término indicativo de función/relación introd.
9 (RLIN) 11320
700 12 - PUNTO DE ACCESO ADICIONAL--NOMBRE DE PERSONA
Nombre de persona Susler, Jan,
Término indicativo de función/relación tr.
9 (RLIN) 11321
910 ## - DATOS DE OPCIÓN DEL USUARIO (OCLC)
Datos de opción del usuario Jornada de catalogación
942 ## - ELEMENTOS DE PUNTO DE ACCESO ADICIONAL (KOHA)
Fuente del sistema de clasificación o colocación Dewey Decimal Classification
Tipo de ítem Koha Libro
Holdings
Estado de retiro Estado de pérdida Restricciones de uso No para préstamo Código de colección Localización permanente Ubicación/localización actual Ubicación en estantería Fecha de adquisición Número de inventario Total de préstamos Signatura topográfica completa Código de barras Fecha visto por última vez Precio válido a partir de Tipo de ítem Koha Número de copia
        Patrimonio Dominicano General General Depósito 13.07.2009 LF1   PR861.44 Q6u 3710-10 25.06.2020 25.06.2020 Libro y Folleto Colección Patrimonio Dominicano  
    Préstamo restringido Préstamo restrigido Patrimonio Dominicano General General Depósito 13.07.2009 LF1   PR861.44 Q6u 3710-20 25.06.2020 25.06.2020 Libro y Folleto Colección Patrimonio Dominicano e. 2
        Dominicana de Servicio General General Depósito 13.07.2009 LF1   PR861.44 Q6u 3710-30 25.06.2020 25.06.2020 Libro y Folleto Colección Dominicana de Servicio e. 3

Powered by Koha